Southville International School and Colleges
Your cart is empty.
  • Cart
  • Lists
    Public lists Eva Luna New books Lux_list list_1
    Your lists Log in to create your own lists
  • Log in to your account
  • Your cookies
  • Search history
Southville International School and Colleges
  • Advanced search
  • Recent comments
  • Most popular
  • Libraries

Log in to your account

Log in with GOOGLE


If you do not have an external account, but do have a local account, you can still log in:

  1. Home
  2. MARC view: Standing tall :
Normal view MARC view ISBD view

Standing tall : (Record no. 361246)

[ view plain ]
MARC details
000 -LEADER
fixed length control field 00644nam a2200253Ia 4500
008 - FIXED-LENGTH DATA ELEMENTS--GENERAL INFORMATION
fixed length control field 190123s9999 xx 000 0 und d
020 ## - INTERNATIONAL STANDARD BOOK NUMBER
International Standard Book Number 0590471406
050 ## - LIBRARY OF CONGRESS CALL NUMBER
Item number P153 1994
100 ## - MAIN ENTRY--PERSONAL NAME
Personal name Palacios, Argentina
245 #0 - TITLE STATEMENT
Title Standing tall :
245 #0 - TITLE STATEMENT
Remainder of title stories of ten Hispanic Americans /
245 #0 - TITLE STATEMENT
Statement of responsibility, etc by Argentina Palacios.
260 ## - PUBLICATION, DISTRIBUTION, ETC. (IMPRINT)
Place of publication, distribution, etc New York, New York :
260 ## - PUBLICATION, DISTRIBUTION, ETC. (IMPRINT)
Name of publisher, distributor, etc Scholastic,
260 ## - PUBLICATION, DISTRIBUTION, ETC. (IMPRINT)
Date of publication, distribution, etc 1994
300 ## - PHYSICAL DESCRIPTION
Extent 232 pages :
300 ## - PHYSICAL DESCRIPTION
Other physical details colored illustrations ;
300 ## - PHYSICAL DESCRIPTION
Dimensions 19cm.
500 ## - GENERAL NOTE
General note 1060L
650 ## - SUBJECT ADDED ENTRY--TOPICAL TERM
Topical term or geographic name as entry element Hispanic Americans --
650 ## - SUBJECT ADDED ENTRY--TOPICAL TERM
Topical term or geographic name as entry element Hispanic Americans.
650 ## - SUBJECT ADDED ENTRY--TOPICAL TERM
General subdivision Biography.
700 ## - ADDED ENTRY--PERSONAL NAME
Personal name Title.
Holdings
Withdrawn status Lost status Damaged status Home library Current library Shelving location Date acquired Total Checkouts Full call number Barcode Date last seen Price effective from Koha item type
      Stonyhurst Southville International School (Malarayat) Stonyhurst Southville International School (Malarayat)   01/23/2019   FIC P153 1994 SSISM6403 01/23/2019 01/23/2019 Books

Standing tall :

APA

Palacios A., Title, .Standing tall. New York, New York: .

Chicago

Palacios Argentina, Title, .Standing tall. New York, New York: .

Harvard

Palacios A., Title, .Standing tall. New York, New York: .

MLA

Palacios Argentina, Title, .New York, New York: . .

  • Place hold
  • Print
  • Cite
  • Add to your cart (remove)
  • Save record
    BIBTEX Dublin Core MARCXML MARC (non-Unicode/MARC-8) MARC (Unicode/UTF-8) MARC (Unicode/UTF-8, Standard) MODS (XML) RIS
  • More searches
    Search for this title in:
    Other Libraries (WorldCat) Other Databases (Google Scholar) Online Stores (Bookfinder.com) Open Library (openlibrary.org)

Exporting to Dublin Core...

SOUTHVILLE LIBRARY

Southville International School and Colleges Library

1281 Tropical Ave. Cor. Luxembourg St., BF Homes International, Las Pinas City

Tel. No. 8256374 / 252358 Loc. 117/146

Powered by Koha